Sclerotiniaceae XIV. Asterocalyx (Registro nro. 11798)

Detalles MARC
000 -CABECERA
Campo de control 005580000a22002050004500
090 ## - CLASIFICACIÓN LOCAL
Colección AR
Consecutivo 02737
041 0# - IDIOMA
Código de idioma para texto/pista de sonido o título separado
100 1# - ASIENTO PRINCIPAL--NOMBRE PERSONAL
Nombre personal Dumont, Kent P.
245 10 - MENCION DE TITULO
Título Sclerotiniaceae XIV. Asterocalyx
650 14 - ASIENTO SECUNDARIO DE MATERIA - TERMINO TEMATICO
Término temático o nombre geográfico como elemento de entrada Micología
650 14 - ASIENTO SECUNDARIO DE MATERIA - TERMINO TEMATICO
Término temático o nombre geográfico como elemento de entrada Filogenética
650 14 - ASIENTO SECUNDARIO DE MATERIA - TERMINO TEMATICO
Término temático o nombre geográfico como elemento de entrada Taxonomía vegetal
650 14 - ASIENTO SECUNDARIO DE MATERIA - TERMINO TEMATICO
Término temático o nombre geográfico como elemento de entrada Morfología vegetal
650 14 - ASIENTO SECUNDARIO DE MATERIA - TERMINO TEMATICO
Término temático o nombre geográfico como elemento de entrada Nuevas especies
651 #4 - ASIENTO SECUNDARIO DE MATERIA - NOMBRE GEOGRAFICO
-- Ecuador
653 ## - TERMINO DE INDIZACION - NO CONTROLADO
-- Asterocalyx
700 1# - ASIENTO SECUNDARIO - NOMBRE PERSONAL
Nombre personal Carpenter, S. E.
773 1# - Item fuente:
Título Mycologia
Especificación de materiales 678
Paginas del Articulo 68-75
Lugar, editorial y fecha de publicación 1978
Información sobre la relación 70
942 ## - ELEMENTOS ADICIONALES (KOHA)
Tipo de ítem Artículo
Existencias
Withdrawn status Lost status Damaged status No para préstamo Colección Ubicación Permanente Ubicación actual Fecha de adquisición Datos de publicación Seriada Total Checkouts Número topográfico Inventario / Código de Barras Date last seen Ejemplar Price effective from Forma de adquisición Tipo de material
      No para Préstamo Hemeroteca Bogotá Bogotá 27/02/2015 Fuera de circulación   AR 02737 013148 25/03/2015 1 25/03/2015   Artículo
      No para Préstamo Hemeroteca Bogotá Bogotá 27/02/2015 Fuera de circulación   AR 02737 013149 25/03/2015 2 25/03/2015   Artículo